00812nam a2200205Ia 4500003000900000008004100009020002200050040001600072080001900088245012200107260003900229300001400268650004600282650004400328650004200372700003100414942000700445999001700452952013700469IN-BaIIA211028s9999 xx 000 0 eng d a978-981-283-619-9 cIIA Library a55(082.1)bADV 0aAdvances in geosciencesbvol. 14, solar terrestrial(ST)cedited by Marc Duldig  aNew JerseybWorld Scientificc2009 axi, 319p. aAtmospheric chemistry - congresses933232 aEarth magnetosphere - congresses933233 aSolar terrestrial - congresses933234 aDuldig, Marc ., ed.933235 cBK c17578d17578 00104070aBANbBANcGENd2009-12-17eEDS g1006.56l0o55(082.1)/ ADVp18500r2021-11-05v1006.56w2009-12-17yBKGRs. 1006.56